| 000 | 00000nam 2200000zi 4500 |
| 001 | 9.901904 |
| 003 | CaOODSP |
| 005 | 20230109075834 |
| 006 | m o d f |
| 007 | cr ||||||||||| |
| 008 | 210721t20212021onc o f000 0 eng d |
| 020 | |a9780660397375 |
| 040 | |aCaOODSP|beng|erda|cCaOODSP |
| 043 | |an-cn--- |
| 086 | 1 |aT94-10/2021E-PDF |
| 245 | 00|aDisaster Mitigation and Adaptation Fund : |bapplicant guide. |
| 246 | 17|aDMAF application guide |
| 264 | 1|aOttawa, Ontario : |bInfrastructure Canada, |c2021. |
| 264 | 4|c©2021 |
| 300 | |a1 online resource (72 pages) : |billustrations |
| 336 | |atext|btxt|2rdacontent |
| 337 | |acomputer|bc|2rdamedia |
| 338 | |aonline resource|bcr|2rdacarrier |
| 500 | |aTitle from cover. |
| 500 | |aIssued also in French under title: Fonds d'atténuation et d'adaptation en matière de catastrophes : guide du demandeur. |
| 650 | 0|aEmergency management|zCanada. |
| 650 | 0|aClimate change mitigation|zCanada. |
| 650 | 0|aInfrastructure (Economics)|zCanada. |
| 710 | 1 |aCanada. |bInfrastructure Canada, |eissuing body. |
| 775 | 08|tFonds d'atténuation et d'adaptation en matière de catastrophes : |w(CaOODSP)9.901905 |
| 795 | |tDisaster Mitigation and Adaptation Fund applicant's guide |w(CaOODSP)9.856720 |
| 856 | 40|qPDF|s2.51 MB|uhttps://publications.gc.ca/collections/collection_2022/infc/T94-10-2021-eng.pdf |